00599nam a22001937a 450000500170000001000150001702000270003203500130005903700130007208200140008510000200009924501070011925000110022626000430023727000600028030000260034050000190036670000200038520150323111433.0 aENG-112222 a9789350354780c1295.00 aEN-95754 bDBAD/PUB a346.54016 aDial, Rameshwar aLaw of rent control in Delhi /cby Rameshwar Dial [and] Adarsh B. Dial ; foreworded by Yogeshwar Dayal a3rd ed aDelhibUniversal Law Publishing c2014 aA-58, G.T. Karnal Road Industrial Area, bDelhie110033 acxxiv,855p.c25cm(Hb) aIncludes index aDial, Adarsh B.